| 000 | 00724nam a2200169 i 4500 | ||
|---|---|---|---|
| 001 | 166492 | ||
| 003 | ES-MaACL | ||
| 005 | 20230906213338.0 | ||
| 008 | 050913s1892 be | |||||||| ||fre d | ||
| 040 |
_aCAM _bspa _cCAM |
||
| 100 | 1 |
_aTorres Campos, Manuel. _9110934 |
|
| 245 | 1 | 2 |
_aL'Espagne en Afrique / _cpar M. Torres Campos. |
| 260 |
_aBruxelles : _bBureau de la revue ; _aLa Haye : _bBelinfante Frères ; _aParis : _bDurand et Pedone-Lauriel ; _aBerlin : _bPuttkammer & Mühlbrecht, _c1892. |
||
| 300 | _a37 p. | ||
| 595 | _aExtrait de la Revue de Droit international et de Législation comparés, T. XXIV. | ||
| 852 |
_aES-MaACL _jT-695-F-12 _z-- Enc. hol., conservando la cub. original _z-- Enc. en un vol. facticio |
||
| 999 |
_c166492 _d166492 |
||